Školské pokusy z fyziky : vysokoškolská učebnice /

Další autoři: Koubek, Václav, 1948-2016
Jazyk: Slovenština
Vydáno: Bratislava : Slovenské pedagogické nakladateľstvo, [asi 1992]
Vydání: 1. vyd.
Témata:
Fyzický popis: 500 s.
Knihy
Uloženo v:
LEADER 01300nam a22003612a 4500
001 000047923
003 CZ BrMZK
005 20250715103238.0
008 951201s1992 xo e p 0 slo d
020 |a 80-08-00348-0 
040 |a BOA001  |b cze 
072 7 |a 53  |x Fyzika  |2 Konspekt  |9 6 
072 7 |a 37.016  |x Učební osnovy. Vyučovací předměty. Učebnice  |2 Konspekt  |9 22 
080 |a 53  |2 MRF 
080 |a 379.825  |2 MRF 
080 |a (076.1/.3)  |2 MRF 
080 |a (075.8)  |2 MRF 
245 0 0 |a Školské pokusy z fyziky :  |b vysokoškolská učebnice /  |c autor: Václav Koubek, ... 
250 |a 1. vyd. 
260 |a Bratislava :  |b Slovenské pedagogické nakladateľstvo,  |c [asi 1992] 
300 |a 500 s. 
650 0 7 |a fyzika  |7 ph114601  |x úlohy  |2 czenas 
650 0 7 |a pokusy  |7 ph137866  |2 czenas 
650 0 9 |a physics  |x problems, exercises, etc.  |2 eczenas 
650 0 9 |a experiments  |2 eczenas 
655 7 |a sbírky úloh  |7 fd132056  |2 czenas 
655 7 |a učebnice vysokých škol  |7 fd133772  |2 czenas 
655 9 |a examinations, questions, etc.  |2 eczenas 
655 9 |a textbooks (higher)  |2 eczenas 
700 1 |a Koubek, Václav,  |d 1948-2016  |7 jn99240000505 
910 |a BOA001  |b PK-0119.220 
990 |a BK 
996 7 |b 3119981675  |c PK-0119.220  |l MZK  |r Sklad / do 1 hodiny  |n 6  |w 000047923  |u 000010  |a 1  |e BOA001  |j MZK50  |s A